| 000 | 00481nam a2200193Ia 4500 | ||
|---|---|---|---|
| 999 |
_c5559 _d5559 |
||
| 003 | 0100 | ||
| 008 | 130227s9999 xx 000 0 und d | ||
| 040 | _cARRUPELIB | ||
| 050 | _aGN502.M34 | ||
| 100 |
_aSplindler, George D. _937895 |
||
| 245 | 4 | _aThe making of psychological anthropology | |
| 260 |
_aBerkeley _bUniversity of California Press |
||
| 300 | _axiv | ||
| 300 | _b 665p. 24cm. | ||
| 650 |
_aEthnopsychology _937896 |
||
| 942 |
_2lcc _cMONOGRAPH |
||